Statistics for James Bond films - Moderate

Click here to take the quiz!

General Stats

  • This quiz has been taken 689 times
  • The average score is 11 of 15

Answer Stats

HintAnswer% Correct
Which villain plans to detonate a nuclear weapon inside The Fort Knox Gold Depository?Auric Goldfinger
95%
In which film does Honeychile Rider famously come out of the sea in a bikini?Dr. No
87%
Who played James Bond in the film On Her Majesty's Secret Service?George Lazenby
86%
In which film does Bond travel on The Orient Express?From Russia With Love
81%
What is the name of Bond's CIA contact in Goldfinger, Thunderball and many other films?Felix Leiter
81%
Which country did Bond fly to in Octopussy on the trail of Kamal Khan?India
76%
Which instrument does Kara Milovy play in The Living Daylights?The Cello
76%
Which item of clothing contains Bond's miniature homing device in Goldfinger?His shoe
73%
What is the name of The Man With The Golden Gun in the film of the same name?Francisco Scaramanga
73%
In which film does Bond meet Dr. Holly Goodhead?Moonraker
72%
In which film does Bond's mobile contain a fingerprint scanner and a car remote control?Tomorrow Never Dies
68%
With whom does Bond infiltrate a Soviet nerve gas facility at the start of Goldeneye?Alec Trevelyan (006)
67%
Which Bond Girl was a young virgin who could supposedly foretell the future?Solitaire
64%
In which film does Bond meet M and Moneypenny in an Egyptian pyramid?The Spy Who Loved Me
63%
Which films female characters include Contessa Teresa Di Vincezo and Irma Bunt?On Her Majesty's Secret Service
60%

Score Distribution

Percentile by Number Answered

Percent of People with Each Score

Your Score History

You have not taken this quiz